| 000 | 00645nam a2200205Ii 4500 | ||
|---|---|---|---|
| 003 | JO-AjNU | ||
| 008 | 230605s9999||||xx |||||||||||||| ||und|| | ||
| 017 | _a1985/1125 | ||
| 040 |
_aJO-AjNU _bara _erda _cJO-AjNU |
||
| 041 | _aara | ||
| 050 | 1 | 4 | _aDS288.K3588 1985 |
| 100 | 3 |
_aاحمد، كمال مطهر, _eauthor _937154 |
|
| 245 | 0 | 0 | _aدراسات في تاريخ ايران الحديث والمعاصر |
| 264 | 3 | 1 | _aبغداد: د.ن، 1985 |
| 300 | _a334ص | ||
| 336 |
_atext _btxt _2rdacontent |
||
| 337 |
_aunmediated _bn _2rdamedia |
||
| 338 |
_avolume _bnc _2rdacarrier |
||
| 650 | 4 |
_aايران المعاصر-تاريخ _937155 |
|
| 999 |
_aA15499 _c19067 _d19067 |
||